|
|
|
|
| LEADER |
01013nam a2200265 4500 |
| 001 |
38159 |
| 003 |
BD-DhAAL |
| 005 |
20220322120530.0 |
| 008 |
700626s1970 nyub bs 001 0 eng |
| 999 |
|
|
|c 43840
|d 43840
|
| 010 |
|
|
|a 71119482
|
| 040 |
|
|
|a DLC
|c DLC
|d DLC
|d BD-DhAAL
|
| 050 |
0 |
0 |
|a HC51
|b .H8
|
| 082 |
0 |
0 |
|a 338.09
|
| 100 |
1 |
|
|a Hughes, Jonathan R. T.
|9 47242
|
| 245 |
1 |
0 |
|a Industrialization and economic history:
|b theses and conjectures
|c Jonathan Hughes.
|
| 260 |
|
|
|a New York :
|b McGraw-Hill,
|c c1970.
|
| 300 |
|
|
|a xii, 336 pages :
|b illustrations, map ;
|c 23 cm.
|
| 504 |
|
|
|a Includes bibliographical references.
|
| 541 |
|
|
|a Donated By Akbar Ali Khan
|e 38159
|
| 650 |
|
0 |
|a Economic history.
|9 47243
|
| 650 |
|
0 |
|a Industrialization
|x History.
|9 47244
|
| 852 |
|
|
|a Ayesha Abed Library
|c Akbar Ali Khan Collection
|
| 942 |
|
|
|2 ddc
|c BK
|
| 952 |
|
|
|0 0
|1 0
|2 ddc
|4 0
|6 338_090000000000000_HUG
|7 1
|9 70223
|a BRACUL
|b BRACUL
|c CS1
|d 2022-03-22
|e Donated by Akbar Ali Khan
|l 0
|o 338.09 HUG
|p 3010038159
|r 2022-03-22
|t 1
|w 2022-03-22
|y BK
|